South Eastern Kenya University

Library Online Public Access Catalogue


Fundamentals of aquatic toxicology : (Record no. 1843)

MARC details
000 -LEADER
fixed length control field 00656cam a2200181 a 4500
020 ## - ISBN
International Standard Book Number 1560320907 (case : permanent paper)
020 ## - ISBN
International Standard Book Number 1560320915 (paper : permanent paper)
050 04 - LIBRARY OF CONGRESS CALL NUMBER
Classification Number QH90.57.B5
Item Number F86 1995
245 00 - TITLE
Title Fundamentals of aquatic toxicology :
Remainder of title effects, environmental fate, and risk assessment /
Statement of responsibility, etc edited by Gary M. Rand.
250 ## - EDITIONSTATEMENT
Edition statement 2nd ed.
260 ## - PUBLICATION, DISTRIBUTION, ETC.(IMPRINT)
Place of publication, distribution, etc Washington, D.C. :
Name of publisher, distributor, etc Taylor & Francis,
Date of publication, distribution, etc c1995.
300 ## - PHYSICAL DESCRIPTION
Extent xxi, 1125 p. :
650 #0 - SUBJECT--TOPIC
General subdivision Pollution
-- Toxicology.
650 #0 - SUBJECT--TOPIC
General subdivision Effect of water pollution on.
700 1# - ADDED ENTRY--PERSONAL AUTHOR
Personal Name Rand, Gary M.,
856 42 - URL/ELECTRONIC LOCATION AND ACCESS
Uniform Resource Identifier <a href="http://www.loc.gov/catdir/enhancements/fy0731/95006381-d.html">http://www.loc.gov/catdir/enhancements/fy0731/95006381-d.html</a>
942 ## - ADDED ENTRY ELEMENTS(KOHA)
Koha item type General circulation
Holdings
Source of classification or shelving scheme Not for loan Location (home branch) Sublocation (holding branch) Date accessioned Cost, normal purchase price Full call number Barcode Copy number Cost, replacement price Koha item type Public note
Library of Congress Classification   Main Campus Library Main Campus Library 26/08/2014 4436.13 QH90.57.B5 F86 1995 2019/022289 C1 4936.00 General circulation leo
Library of Congress Classification   Main Campus Library Main Campus Library 26/08/2014 4436.13 QH90.57.B5 F86 1995 2019/022291 C2 4936.00 General circulation leo
Library of Congress Classification   Main Campus Library Main Campus Library 27/08/2014 4436.13 QH90.57.B5 F86 1995 2019/022290 C3 4936.00 General circulation leo
Kitui, Kenya.
+254736116989
library@seku.ac.ke